000 00635nam a2200253 a 4500
003 AR-BaBNM
005 20251128204412.0
008 082120s2002 ||||||||||||||000 | spa||
040 _cAR-BaBNM
100 1 _aEstrella Gutiérrez, Fermín
245 0 0 _aSonetos de la vida interior
250 _a1ª ed.
260 _aBuenos Aires
_bLosada
_c1979
300 _a58 p.
490 0 _aPoetas de ayer y de hoy
500 _aContiene índice de los poemas
650 4 _aLITERATURA ARGENTINA
653 0 _aPOESIA LIRICA
653 _aSONETO
653 _aPOESIA AMOROSA
655 _aLITERATURA
942 _cBK
998 _cisola
999 _c7323
_d7323